| 000 | 01354cam a22002417a 4500 | ||
|---|---|---|---|
| 999 |
_c7180 _d7180 |
||
| 003 | OSt | ||
| 005 | 20211222142854.0 | ||
| 008 | 181115s2018 sp a 001 0bspa|d | ||
| 017 |
_aDL M 20548-2018 _bOficina DL Madrid |
||
| 020 | _a9788437638836 | ||
| 040 |
_aES-BaUAB _bcat _cCDMR |
||
| 100 | 1 | _aMarzo, Jorge Luis, | |
| 245 | 1 | 3 |
_aLa competencia de lo falso _b: una historia del fake / _cJorge Luis Marzo ; prólogo de Joan Fontcuberta |
| 260 |
_aMadrid : _bCátedra, _c2018 |
||
| 300 |
_a308 p. : _bil ; _c18 cm |
||
| 504 | _aInclou bibliografia i índex | ||
| 520 |
_a"Tradiciones inventadas. Pintores que no existen. Libros que debieran haber existido. Identidades tomadas en préstamo. La rica cultura de lo falso se ha tejido a la sombra de diferentes regulaciones de la verdad destinadas a delimitar qué es ficción y qué realidad. Hoy sabemos que son la misma cosa, y que la ficción funda realidades, que tiene voluntad pública, cuestionando la común interpretación de lo verdadero. La gestión de la verdad y de sus formatos es la base de toda autoridad. El "fake" surge precisamente para cortocircuitarla, explorando sus quimeras lingüísticas." -- _cEdiciones Cátedra |
||
| 650 | 4 | _aVeritat i mentida | |
| 650 | 0 |
_aDesinformació _94286 |
|
| 650 | 0 |
_aFake news _94796 |
|
| 700 | 1 |
_aFontcuberta, Joan _d1955- _9977 |
|
| 942 |
_cMON _2udc |
||